000 01181nam a22001937a 4500
001 9439
003 FISKH
005 20260108111358.0
008 260108b cb ||||| |||| 00| 0 eng d
040 _aFISKH
_beng
_cFISKH
_dFISKH
082 _a910.68
100 _aAnonymous
245 _aShowcase of coastal & Eeco-Tourism destinations /
_cBy Anonymous
260 _aPhnom Penh :
300 _a53 pages :
_bcolor illustrations , maps ;
_c21 cm .
520 _aThis book highlights some of the world’s most attractive coastal and eco-tourism destinations, emphasizing sustainable travel and environmental preservation. It provides detailed descriptions of beaches, marine parks, nature reserves, and eco-friendly resorts, along with the unique flora, fauna, and cultural heritage of each location. Designed for travelers, tourism professionals, and students, the book also offers practical guidance, including travel tips, conservation practices, and ways to experience nature responsibly. Through stunning visuals and informative content, it aims to inspire appreciation for natural landscapes while promoting eco-conscious tourism.
942 _2ddc
_cBK
_n0
999 _c9439
_d9439